О смерти члена ЦИК СССР председателя ЦИК АКССР т. Нуортова

Доступно только в Электронных читальных залах Найти на картеНа карте
RUSMARC
00004268nac2a22003013x 450
0013a828a69-a179-43a4-a599-0017233a7818
00520230718124706.0
100##$a20230613l19291929k y0rusy50 ca
1010#$arus
$akrl
102##$aRU
105##$ay z |||||
1222#$ad19290402
$ad19290405
2001#$aО смерти члена ЦИК СССР председателя ЦИК АКССР т. Нуортова
$j02.04.1929 - 05.04.1929
215##$a4 листа
$d35,7 х 24,4
251##$cДело
300##$aЗаголовок дела на папке: О смерти члена ЦИК Союза ССР председателя ЦИК АКССР т. Нуортева
300##$aВ деле обратная нумерация
300##$aЧасть текста на карельском языке
300##$aЧасть текста машинописная и рукописная, часть - напечатана типографским способом
461#0$1001796d4672-8a00-4986-b488-6e42273792cc
$12001
$aЦЕНТРАЛЬНЫЙ ИСПОЛНИТЕЛЬНЫЙ КОМИТЕТ СССР (ЦИК СССР).
$1251
$cФонд
$1852
$gР
$j3316
462#0$10016e6e8ba4-e15f-4ad4-8937-f1e88c150bfe
$12001
$aДела Секретариата Президиума ЦИК Союза ССР. 1929 г.
$vД. 173
$1251
$cОпись
$1852
$j22
5171#$aО смерти члена ЦИК Союза ССР председателя ЦИК АКССР т. Нуортева
600#1$aНуортев
60101$3RU\NLR\AUTH\880357276
$aСССР
$bЦИК
60102$aЦИК АКССР
801#0$aRU
$bGA_RF
801#1$aRU
$bГлавНИВЦ
$c20230613
$2rusmarc
801#2$aRU
$bПБ им. Б.Н. Ельцина
$c20230718
$gRCR
$2rusmarc
852##$aГА РФ
$j173
937##$d186599316
$hГАРФ
035##$aRuPRLIB51072432
856##$uhttp://readingroom.main.prlib.ru/item.aspx?id_node=n186599316&mode=full
Формат отображения